[Event "Heraklio op"]
[Site "Heraklion"]
[Date "2008.08.27"]
[Round "6"]
[White "Kosmadakis, Dimitros"]
[Black "Tzardis, Stylianos"]
[Result "1/2-1/2"]
[WhiteElo "1908"]
[BlackElo "2099"]
[PlyCount "101"]
[EventDate "2008.08.23"]
[EventType "swiss"]
[EventRounds "9"]
[EventCountry "GRE"]
[SourceTitle "CBM 126 Extra"]
[Source "ChessBase"]
[SourceDate "2008.11.05"]
[SourceVersion "1"]
[SourceVersionDate "2008.11.05"]
[SourceQuality "1"]

1. Nf3 Nf6 2. c4 e6 3. g3 Be7 4. Bg2 0-0 5. 0-0 d5 6. Ne5 Nbd7 7. f4 dxc4 8. Nxc4 Nb6 9. Ne5 Nfd7 10. d4 Nxe5 11. fxe5 c5 12. e3 cxd4 13. exd4 Nd5 14. Nc3 Nxc3 15. bxc3 Qc7 16. Qg4 f5 17. Qf3 a5 18. Rb1 Ra6 19. Bf4 Rc6 20. d5 Rxc3 21. d6 Rxf3 22. dxc7 Rc3 23. Rfc1 Bc5+ 24. Kf1 Rxc1+ 25. Rxc1 b6 26. Bg5 Rf7 27. Bd8 Rd7 28. Rc2 Ba6+ 29. Ke1 Bb4+ 30. Kf2 Rd2+ 31. Rxd2 Bxd2 32. Bc6 Bc8 33. Kf3 Kf7 34. g4 fxg4+ 35. Kxg4 Be3 36. h4 Bd4 37. Kf4 Bc3 38. Ke4 h6 39. Kf4 Bd2+ 40. Kg4 g6 41. a4 Bc3 42. Kf4 Bd2+ 43. Kg4 Be1 44. Kf4 Bf2 45. Ke4 Bc5 46. Kf4 Bg1 47. Kf3 Bd4 48. Ke4 Bb2 49. Kf4 Bc1+ 50. Kg4 Bd2 51. Bf6 1/2-1/2

[Event "Patras op"]
[Site "Patras"]
[Date "2002.08.08"]
[Round "9.28"]
[White "Krimbogiannis, Ioannis"]
[Black "Kosmadakis, Dimitros"]
[Result "0-1"]
[WhiteElo "1535"]
[BlackElo "1765"]
[PlyCount "132"]
[EventDate "2002.08.??"]
[EventType "swiss"]
[EventRounds "9"]
[EventCountry "GRE"]
[SourceTitle "CBM 089 Extra"]
[Source "ChessBase"]
[SourceDate "2002.09.10"]
[SourceVersion "2"]
[SourceVersionDate "2002.09.10"]
[SourceQuality "1"]

1. Nf3 d6 2. d4 Nf6 3. c4 g6 4. Nc3 Bg7 5. e4 0-0 6. Be2 e5 7. d5 Na6 8. 0-0 Nc5 9. Qc2 a5 10. Bg5 h6 11. Bh4 g5 12. Bg3 Nh5 13. Ne1 Nf4 14. Nd3 Ncxd3 15. Bxd3 Nxd3 16. Qxd3 f5 17. f3 Rf7 18. Bf2 Bf8 19. Rac1 f4 20. h3 h5 21. Nb5 g4 22. hxg4 hxg4 23. fxg4 b6 24. Be1 Bxg4 25. Rc2 Qg5 26. g3 f3 27. Rh2 Rd8 28. Bd2 Qg6 29. Kf2 Rdd7 30. Rfh1 Rh7 31. Nc3 Rxh2+ 32. Rxh2 Rh7 33. Rxh7 Qxh7 34. Qe3 Qh2+ 35. Ke1 Qxg3+ 36. Qf2 Qxf2+ 37. Kxf2 Be7 38. Kg3 Bh5 39. Nb5 Bd8 40. a3 Kf7 41. Be3 Ke8 42. b4 axb4 43. axb4 Kd7 44. Na3 c6 45. Nc2 Be7 46. Ne1 f2 47. Bxf2 c5 48. bxc5 bxc5 49. Nf3 Kc7 50. Be3 Kb6 51. Kf2 Ka5 52. Bg5 Bxg5 53. Nxg5 Kb4 54. Ne6 Kxc4 55. Ke3 Kb3 56. Ng7 Bg6 57. Nf5 Bxf5 58. exf5 c4 59. f6 c3 60. f7 c2 61. f8Q c1Q+ 62. Ke4 Qc4+ 63. Ke3 Qd4+ 64. Ke2 Qxd5 65. Qb8+ Kc3 66. Qc8+ Qc4+ 0-1

[Event "Patras op"]
[Site "Patras"]
[Date "2002.08.05"]
[Round "6.21"]
[White "Simeonov, Angel"]
[Black "Kosmadakis, Dimitros"]
[Result "1-0"]
[WhiteElo "2146"]
[BlackElo "1765"]
[PlyCount "67"]
[EventDate "2002.08.??"]
[EventType "swiss"]
[EventRounds "9"]
[EventCountry "GRE"]
[SourceTitle "CBM 089 Extra"]
[Source "ChessBase"]
[SourceDate "2002.09.10"]
[SourceVersion "2"]
[SourceVersionDate "2002.09.10"]
[SourceQuality "1"]

1. d4 Nf6 2. Nf3 g6 3. c4 Bg7 4. g3 0-0 5. Bg2 d6 6. 0-0 Nbd7 7. Nc3 c6 8. e4 e5 9. d5 Nc5 10. Ne1 a5 11. Nd3 Nfd7 12. Re1 f5 13. exf5 gxf5 14. Nxc5 Nxc5 15. dxc6 e4 16. cxb7 Bxb7 17. Nb5 d5 18. cxd5 Nd3 19. Re2 Qb6 20. Nc3 Rad8 21. Qb3 Qxb3 22. axb3 Bxd5 23. Bg5 Rd7 24. Rxa5 Bxb3 25. Rd2 Rc7 26. Ra3 Be6 27. Nd1 Rc1 28. Rdxd3 exd3 29. Bxc1 Rb8 30. Bd2 Kf7 31. b4 Bc4 32. Ne3 Be6 33. Bf1 Bf6 34. Bxd3 1-0